Sumerian epics and myths /
المؤلف الرئيسي:
مؤلف مشترك:
مؤلفون آخرون:
التنسيق: كتاب
اللغة: English
منشور في:
Chicago, Ill. :
The University of Chicago Press,
[1934]
سلاسل:
University of Chicago Oriental Institute publications ;
15.
University of Chicago Oriental Institute publications. Cuneiform series ;
3.
الموضوعات:
الوسوم: إضافة وسم
رقم الطلب: PJ4054 .N5 C48
| LEADER | 02010nam a2200433I 4500 | ||
|---|---|---|---|
| 001 | 4082 | ||
| 003 | OSt | ||
| 005 | 20200616094059.0 | ||
| 008 | 130303s1934 ilu g b 000 0 eng d | ||
| 952 | |0 0 |1 0 |2 lcc |4 0 |6 PJ4054 N5 C48 |7 1 |9 3086 |a ARCE |b ARCE |d 2020-06-16 |l 0 |o PJ4054 .N5 C48 |p 1017767 |r 2020-06-16 00:00:00 |w 2020-06-16 |y BK | ||
| 999 | |c 5618 |d 5618 | ||
| 010 | |a 34022546 | ||
| 035 | |a ocm03715558 | ||
| 040 | |c ARCE Library | ||
| 041 | 0 | |a engsux | |
| 050 | 0 | 4 | |a PJ4054 .N5 C48 |
| 100 | 1 | |a Chiera, Edward, |d 1885-1933, |e author | |
| 245 | 1 | 0 | |a Sumerian epics and myths / |c by Edward Chiera ; Samuel Nathan Kramer. |
| 264 | 1 | |a Chicago, Ill. : |b The University of Chicago Press, |c [1934] | |
| 300 | |a xi, 7, [1] pages, 26, 26a, 27-111 number l. ; |c 31 cm. | ||
| 336 | |a text |b txt |2 rdacontent | ||
| 337 | |a unmediated |b n |2 rdamedia | ||
| 338 | |a volume |b nc |2 rdacarrier | ||
| 490 | 1 | |a [Chicago. University. Oriental Institute] Cuneiform series ; |v 3. | |
| 490 | 1 | |a The University of Chicago Oriental Institute publications ; |v 15. | |
| 500 | |a Reproductions of tables from Nippur belonging to the Babylonian Section of the University Museum of the University of Pennsylvania. S.N. Kramer has grouped the portraits in their present arrangement and has contributed the introductory descriptions of the text. Cf. Foreword. | ||
| 504 | |a Bibliography : page xi. | ||
| 650 | 0 | |a Mythology, Sumerian. | |
| 650 | 0 | |a Sumerian language |v Texts. | |
| 700 | 1 | |a Kramer, Samuel Noah, |d 1897-1990. | |
| 710 | 2 | |a University of Pennsylvania. |b University Museum. |b Babylonian Section. | |
| 830 | 0 | |a University of Chicago Oriental Institute publications ; |v 15. | |
| 830 | 0 | |a University of Chicago Oriental Institute publications. |p Cuneiform series ; |v 3. | |
| 901 | |a reviewed | ||
| 907 | |a .b24253704 |b 02-04-08 |c 01-30-08 | ||
| 942 | |c BK |2 lcc | ||
| 945 | |a PJ4054 .N5 C48 1934 |g 1 |i mq224976 |l 1arce |o z |p $0.00 |q |r |s w |t 0 |u 0 |v 0 |w 0 |x 0 |y .i3132938x |z 02-04-08 | ||
| 949 | |a PJ4054 .N5 C48 1934 |c arcesim | ||
| 998 | |b 01-30-08 |c m |d - |i 1 | ||
